000
00527nam a2200169Ia 4500
008
100917s9999 xx 000 0 und d
082
_b
3674
100
_a
भिडे भि. गो.
245
_a
गिरणीकामगाराचा विजय
260
_b
---
365
_b
2
520
_a
कादंबरी
630
_a
गिरणीकामगाराचा विजय
650
_a
कादंबरी
730
_a
गिरणीकामगाराचा विजय
942
_c
BOOK
999
_c
609068
_d
609065